| 000 | 00943nas a2200253Ia 4500 | ||
|---|---|---|---|
| 001 | R007/90162 | ||
| 003 | IT-RoPAU | ||
| 008 | 151124c99999999xx |||||||||||| ||und|| | ||
| 040 | _aIT-RoPAU | ||
| 040 | _cIT-RoPAU | ||
| 041 | _aITALIANO | ||
| 100 |
_aCauso Massimo _gCodice Aut. SPICS: 22994 |
||
| 210 | _aCINEFORUM | ||
| 222 | _aCineforum | ||
| 245 |
_aCINEFORUM, ANNO 30-N.297 (SETTEMBRE 1990) _bAki Kaurismaki, Giocoliere Della Disillusione |
||
| 250 | _a1a ed. | ||
| 260 |
_aBERGAMO _bFEDERAZIONE ITALIANA CINEFORUM _c1990 |
||
| 501 |
_bPaulus - SPICS - Società San Paolo EM (non-commercial uses only) _cCopyright2015 |
||
| 300 | _a5 p. [22-26] | ||
| 362 | _aANNO 030, N.297 (SETTEMBRE 1990) | ||
| 500 | _aNote Critiche Sul Cinema di Aki Kaurismaki. Dire e Stile. Stiliti Forme dell'Isolamento. Realtà Mangia L'Anima. Cinema dell'Orrore al Bergamo Film Meeting. | ||
| 650 |
_aCINEMA _vPUBBLICAZIONE PERIODICA |
||
| 942 | _cCR | ||
| 999 |
_c156062 _d156062 |
||